00518nam a2200181 i 450000100060000000300090000600500170001500700030003200800410003502000260007610000350010224500660013726000380020330000280024150000130026950400200028285200340030281828ES-MaACL20250731063031.0t|041108m19851986sp ||||1| spa d a84-381-00-99-6 (T. 1)1 aIglesias, Antonio, d1918-201110aEnrique Granados b: su obra para piano / cAntonio Iglesias. aMadrid : bAlpuerto, c1985-1986. a2 v. : bil. ; c22 cm. aIndices. aBibliografía. aES-MaACLjL-1183-4 bR.113652